Montpellier - Choix Multiples - Statistiques

Statistiques générales
  • Ce quiz a été pris 454 fois
  • Le résultat moyen est 8 sur 10
Statistiques - réponses
Question Réponse % Correct
Quel est le transport reconnaissable de Montpellier ?
98%
Dans quel sport se distinguent les frères Lebrun, originaires de la ville ? Tennis de table
92%
Quel est le quartier de Montpellier reconnaissable à son allure inspirée des formes architecturales de la Grèce antique ? Antigone
85%
Quelle est la discipline pour laquelle Montpellier possède la plus ancienne faculté au monde ? Médecine
85%
Laquelle de ces images ne vient pas de Montpellier ?
83%
Quel cours d'eau traverse la ville à l'Est ? Le Lez
78%
Quel humoriste au charisme éclatant et à la crinière magistrale y est né ? Paul Mirabel
75%
Qui est le saint patron de la ville, également saint patron des chiens ? Saint-Roch
75%
Lequel de ces ouvrages de transport traverse la ville ? Voie Domitienne
63%
Laquelle de ces créations n'est pas originaire de Montpellier ?
25%
Aucun quiz correspondant
Distribution des résultats
% des personnes avec chaque résultat
Percentile par nombre de réponses
Votre historique - résultats
Vous n’avez pas pris ce quiz